000 01486cam a2200313 i 4500
003 SA-RiAUC
005 20240910121611.0
008 240908s1971 pk g b f001r0 ara c
040 _aSA-RiAUC
_bara
_cSA-RiAUC
_erda
050 4 _b.T232 1971
082 0 4 _a258
_qSA-RiAUC
090 _a258 ط ح ا
_b ط ح ا
100 1 _aالطحاوي، أحمد بن محمد بن سلامة،
_d239-321 هجري
_eمؤلف.
245 1 0 _aاختلاف الفقهاء /
_cتأليف أبي جعفر أحمد بن محمد بن سلامة الطحاوي ؛ تحقيق محمد صغير حسن المعصومي.
246 3 5 _aDisagreement of the jurists
264 1 _aإسلام آباد :
_bمعهد الأبحاث الإسلامية،
_c1971
300 _a314، 50 صفحة؛
_c24 سم.
336 _aنص
_btxt
_2rdacontent
_3كتاب
337 _aبدون وسيط
_bn
_2rdamedia
338 _aمجلد
_bnc
_2rdacarrier
490 0 _aمطبوعات معهد الأبحاث الإسلامي ؛
_v23
500 _aيشتمل على كشافات.
504 _aيشتمل على إرجاعات ببليوجرافية.
650 7 _aالفقه الإسلامي
_xمذاهب
_2aucsh
700 1 _aالمعصومي، محمد صغير حسن،
_d1918-1996
_eمحقق.
700 1 2 _iتحقيق لـ (عمل) :
_aالطحاوي، أحمد بن محمد بن سلامة،
_d239-321 هجري.
_tاختلاف الفقهاء.
942 _2ddc
_cBOOK
949 _aSA-JeALM
_d240908
_umohamedma123
_n1
999 _c145
_d145